000 00525nam a22001937a 4500
005 20230210111659.0
008 230210b ||||| |||| 00| 0 eng d
040 _cAL
041 _aEnglish
082 _223
_a657.48
_bICFF
100 _aICFAI University
_971796
245 _aFinancial Accounting
260 _aHyderabad
_bICFAI University
_c2004
300 _a572 p.
_bPB
_c27x20.6 cm.
440 _aVolume II
_971797
650 _aFinancial Accounting
_971798
700 _aICFAI UNIVERSITY
_971799
942 _2ddc
_cDB
999 _c226645
_d226645